Ceara e Pernam buco/ (Record no. 2485)
[ view plain ]
| 000 -LEADER | |
|---|---|
| campo de control de longitud fija | 00499nam a22001697a 4500 |
| 003 - IDENTIFICADOR DE NÚMERO DE CONTROL | |
| campo de control | OSt |
| 005 - FECHA Y HORA DE LA ÚLTIMA TRANSACCIÓN | |
| campo de control | 20221103164034.0 |
| 008 - DATOS DE LONGITUD FIJA--INFORMACIÓN GENERAL | |
| campo de control de longitud fija | 150522b xxu||||| |||| 00| 0 eng d |
| 040 ## - FUENTE DE CATALOGACIÓN | |
| Centro/agencia transcriptor | Biblioteca Lado V |
| 082 ## - NÚMERO DE LA CLASIFICACIÓN DECIMAL DEWEY | |
| Número de clasificación | 750 |
| Número de ítem | F224c |
| 100 ## - ENTRADA PRINCIPAL--NOMBRE DE PERSONA | |
| 9 (RLIN) | 297 |
| Nombre de persona | Farias, Agnaldo |
| Término indicativo de función/relación | curador |
| 245 ## - MENCIÓN DEL TÍTULO | |
| Título | Ceara e Pernam buco/ |
| Resto del título | Dragoes e Leoes/ |
| 260 ## - PUBLICACIÓN, DISTRIBUCIÓN, ETC. | |
| Nombre del editor, distribuidor, etc. | Mexico |
| Fecha de publicación, distribución, etc. | 1998 |
| Lugar de publicación, distribución, etc. | Governo do Estado do Caeara |
| 300 ## - DESCRIPCIÓN FÍSICA | |
| Extensión | 70p. |
| Dimensiones | 23x30cm |
| 710 ## - ENTRADA AGREGADA--NOMBRE DE ENTIDAD CORPORATIVA | |
| Nombre de entidad corporativa o nombre de jurisdicción como elemento de entrada | Joan Duran |
| 9 (RLIN) | 2735 |
| 942 ## - ELEMENTOS DE ENTRADA SECUNDARIOS (KOHA) | |
| Fuente del sistema de clasificación o colocación | Clasificación Decimal Dewey |
| Tipo de ítem Koha | Libros |
| Parte de la signatura que corresponde a la clasificación (Parte de la clasificación) | 750 |
| Parte de la signatura que identifica el ejemplar (Parte del ítem) | F224c |
| Suprimir en OPAC | No |
| Estatus retirado | Estado de pérdida | Fuente del sistema de clasificación o colocación | Estado de daño | No para préstamo | Biblioteca de origen | Biblioteca actual | Fecha de adquisición | Número de inventario | Total de préstamos | Signatura topográfica completa | Código de barras | Visto por última vez | Precio de reemplazo | Tipo de ítem Koha |
|---|---|---|---|---|---|---|---|---|---|---|---|---|---|---|
| Clasificación Decimal Dewey | Biblioteca LadoV | Biblioteca LadoV | 03/11/2022 | 001325 | 750 F224c | 001325 | 03/11/2022 | 03/11/2022 | Libros |
